ARRUPE JESUIT UNIVERSITY

CORONAVIRUS -STOP THE SPREAD - CLEAN,DISINFECT,COVER

Kenya : (Record no. 124407)

MARC details
000 -LEADER
fixed length control field 01050mam a2200337 a 4500
001 - CONTROL NUMBER
control field 1433624
003 - CONTROL NUMBER IDENTIFIER
control field ARRUPE
005 - DATE AND TIME OF LATEST TRANSACTION
control field 20161114110153.0
008 - FIXED-LENGTH DATA ELEMENTS--GENERAL INFORMATION
fixed length control field 940324s1993 ke ab b 000 0 eng
010 ## - LIBRARY OF CONGRESS CONTROL NUMBER
LC control number 93849567
035 ## - SYSTEM CONTROL NUMBER
System control number (OCoLC)502556724
035 ## - SYSTEM CONTROL NUMBER
System control number (OCoLC)ocn502556724
035 ## - SYSTEM CONTROL NUMBER
System control number (CStRLIN)NYPG94-B16767
035 ## - SYSTEM CONTROL NUMBER
System control number (NNC)1433624
040 ## - CATALOGING SOURCE
Original cataloging agency DLC
Transcribing agency DLC
Modifying agency NN
-- NNC
043 ## - GEOGRAPHIC AREA CODE
Geographic area code f-ke---
050 ## - LIBRARY OF CONGRESS CALL NUMBER
Classification number DT433.584M38 1993
300 ## - PHYSICAL DESCRIPTION
Other physical details ill., map ;
Dimensions 20 cm.
100 1# - MAIN ENTRY--PERSONAL NAME
Personal name Matiba, Kenneth Stanley,
Dates associated with a name 1932-
9 (RLIN) 23063
245 10 - TITLE STATEMENT
Title Kenya :
Remainder of title return to reason /
Statement of responsibility, etc Kenneth S.N. Matiba.
250 ## - EDITION STATEMENT
Edition statement [Limited ed.]
260 ## - PUBLICATION, DISTRIBUTION, ETC. (IMPRINT)
Place of publication, distribution, etc [Nairobi] :
Name of publisher, distributor, etc Kalamka, Ltd.,
Date of publication, distribution, etc 1993.
300 ## - PHYSICAL DESCRIPTION
Extent x, 277 p. :
500 ## - GENERAL NOTE
General note Cover title.
504 ## - BIBLIOGRAPHY, ETC. NOTE
Bibliography, etc Includes bibliographical references (p. 264-277).
600 10 - SUBJECT ADDED ENTRY--PERSONAL NAME
Personal name Moi, Daniel Arap,
Dates associated with a name 1924-
9 (RLIN) 12426
650 #0 - SUBJECT ADDED ENTRY--TOPICAL TERM
Topical term or geographic name as entry element Politics
Geographic subdivision Kenya.
Chronological subdivision 1978
9 (RLIN) 23064
650 #0 - SUBJECT ADDED ENTRY--TOPICAL TERM
Topical term or geographic name as entry element Economic conditions
Geographic subdivision Kenya
Chronological subdivision 1963
9 (RLIN) 23065
651 #0 - SUBJECT ADDED ENTRY--GEOGRAPHIC NAME
Geographic name Kenya
General subdivision Political activities
Chronological subdivision 20th Century
9 (RLIN) 23066
942 ## - ADDED ENTRY ELEMENTS (KOHA)
Source of classification or shelving scheme Library of Congress Classification
Koha item type Monograph ( Printed materials)
Holdings
Withdrawn status Lost status Source of classification or shelving scheme Damaged status Not for loan Collection code Home library Current library Shelving location Date acquired Total Checkouts Full call number Barcode Date last seen Date checked out Price effective from Koha item type
    Library of Congress Classification     Main Collection ARRUPE LIBRARY ARRUPE LIBRARY Main Collection 21/03/2016 1 DT433.584. M38 1993 46500006637 07/12/2017 01/11/2017 21/03/2016 Monograph ( Printed materials)

 

Arrupe Library. PO Box MP320 Mt Pleasant, Harare, Zimbabwe
263 242 745411|librarian@aju.ac.zw